| 000 | 00874nam a2200217 a 4500 | ||
|---|---|---|---|
| 001 | 000024791 | ||
| 005 | 20200930023355.0 | ||
| 008 | 110204s1975 ag b r 000 0 spa d | ||
| 040 |
_aDO-SdBNP _bspa _cBNPHU |
||
| 082 |
_axxxx _bC397s |
||
| 110 | 1 |
_aCentro Regional de Ayuda Técnica, _bAgencia para el Desarrollo Internacional (AID) _934983 |
|
| 245 | 1 | 0 |
_aSuelos de las regiones tropicales humedas / _cprefacio Matthew Drosdoff ; traducción Andrés O. Bottaro. |
| 260 |
_aBuenos Aires, México : _bMarymar, _c1975. |
||
| 300 |
_a271 p. ; : _bmapas. ; _c22 cm. |
||
| 500 | _aIncluye bibliografía p. [263-265]. | ||
| 504 | _aIncluye referencias bibliográficas y notas al pie de las páginas. | ||
| 534 |
_pTítulo original en inglés: _tSoils of the humid tropics. |
||
| 700 | 1 |
_aDrosdoff, Matthew _950869 |
|
| 700 | 1 |
_aBottaro, Andrés O., _etr. _950870 |
|
| 049 | _aBNGR | ||
| 999 |
_c24284 _d24284 |
||